000 00446nam a2200181Ia 4500
001 16895
005 20260306170344.0
008 260306t2004||||xx |||||||||||||| ||und||
041 _aESP
082 _a657.3
_bF43 T. 1
100 _aFerrer Quea, Alejandro
_eAUT
245 0 _aContabilidad de empresas del sistema financiero
260 _c2004
300 _apágs. :
_c24 cm.
650 _aGEN
654 _aCCO
942 _cLIB
_dJUS
_fJUS
_2ddc
_n
999 _c16895
_d16895